<?xml version="1.0" encoding="UTF-8"?>
<record
    xmlns:xsi="http://www.w3.org/2001/XMLSchema-instance"
    xsi:schemaLocation="http://www.loc.gov/MARC21/slim http://www.loc.gov/standards/marcxml/schema/MARC21slim.xsd"
    xmlns="http://www.loc.gov/MARC21/slim">

  <leader>00579nam a22001337a 4500</leader>
  <datafield tag="040" ind1=" " ind2=" ">
    <subfield code="c">RUA</subfield>
  </datafield>
  <datafield tag="082" ind1=" " ind2=" ">
    <subfield code="a">VEM SIE 2015 B517 Or.1</subfield>
  </datafield>
  <datafield tag="100" ind1=" " ind2=" ">
    <subfield code="a">SIEN KOSAL; &#x179F;&#x17C0;&#x1793; &#x1780;&#x17BB;&#x179F;&#x179B;</subfield>
  </datafield>
  <datafield tag="245" ind1=" " ind2=" ">
    <subfield code="a">Study of heamorrhagic septicemia of cattle in tbeng mean chey district, preah vihear province; &#x1780;&#x17B6;&#x179A;&#x179F;&#x17B7;&#x1780;&#x17D2;&#x179F;&#x17B6;&#x179B;&#x17BE;&#x1787;&#x17C6;&#x1784;&#x17BA;&#x179F;&#x17B6;&#x1791;&#x17B9;&#x1780;&#x1782;&#x17C4; &#x1793;&#x17C5;&#x1780;&#x17D2;&#x1793;&#x17BB;&#x1784;&#x179F;&#x17D2;&#x179A;&#x17BB;&#x1780;&#x178F;&#x17D2;&#x1794;&#x17C2;&#x1784;&#x1798;&#x17B6;&#x1793;&#x1787;&#x17D0;&#x1799; &#x1781;&#x17C1;&#x178F;&#x17D2;&#x178F;&#x1796;&#x17D2;&#x179A;&#x17C7;&#x179C;&#x17B7;&#x17A0;&#x17B6;&#x179A;</subfield>
  </datafield>
  <datafield tag="260" ind1=" " ind2=" ">
    <subfield code="a">Phnom Penh</subfield>
    <subfield code="b">RUA</subfield>
    <subfield code="c">2015</subfield>
  </datafield>
  <datafield tag="300" ind1=" " ind2=" ">
    <subfield code="a">x; 35p;</subfield>
    <subfield code="b">ill;</subfield>
    <subfield code="c">29cm;</subfield>
  </datafield>
  <datafield tag="856" ind1=" " ind2=" ">
    <subfield code="u"> SIEN KOSAL</subfield>
  </datafield>
  <datafield tag="942" ind1=" " ind2=" ">
    <subfield code="c">VEM</subfield>
  </datafield>
  <datafield tag="999" ind1=" " ind2=" ">
    <subfield code="c">10568</subfield>
    <subfield code="d">10568</subfield>
  </datafield>
  <datafield tag="952" ind1=" " ind2=" ">
    <subfield code="0">0</subfield>
    <subfield code="1">0</subfield>
    <subfield code="2">ddc</subfield>
    <subfield code="4">0</subfield>
    <subfield code="6">VEM_SIE_2015_000000000000000_B517_OR_1</subfield>
    <subfield code="7">0</subfield>
    <subfield code="9">54642</subfield>
    <subfield code="a">LBB</subfield>
    <subfield code="b">LBB</subfield>
    <subfield code="c">B517</subfield>
    <subfield code="d">2016-10-27</subfield>
    <subfield code="o">VEM SIE 2015 B517 Or.1</subfield>
    <subfield code="p">A02217</subfield>
    <subfield code="r">2016-10-27</subfield>
    <subfield code="w">2016-10-27</subfield>
    <subfield code="y">VEM</subfield>
  </datafield>
  <datafield tag="952" ind1=" " ind2=" ">
    <subfield code="0">0</subfield>
    <subfield code="1">0</subfield>
    <subfield code="2">ddc</subfield>
    <subfield code="4">0</subfield>
    <subfield code="6">VEM_SIE_2015_000000000000000_B517_OR_2</subfield>
    <subfield code="7">0</subfield>
    <subfield code="9">54643</subfield>
    <subfield code="a">LBB</subfield>
    <subfield code="b">LBB</subfield>
    <subfield code="c">B517</subfield>
    <subfield code="d">2016-10-27</subfield>
    <subfield code="o">VEM SIE 2015 B517 Or.2</subfield>
    <subfield code="p">A02292</subfield>
    <subfield code="r">2016-10-27</subfield>
    <subfield code="w">2016-10-27</subfield>
    <subfield code="y">VEM</subfield>
  </datafield>
  <datafield tag="952" ind1=" " ind2=" ">
    <subfield code="0">0</subfield>
    <subfield code="1">0</subfield>
    <subfield code="2">ddc</subfield>
    <subfield code="4">0</subfield>
    <subfield code="6">VEM_SIE_2015_000000000000000_B517_OR_3</subfield>
    <subfield code="7">0</subfield>
    <subfield code="9">54644</subfield>
    <subfield code="a">LBB</subfield>
    <subfield code="b">LBB</subfield>
    <subfield code="c">B517</subfield>
    <subfield code="d">2016-10-27</subfield>
    <subfield code="o">VEM SIE 2015 B517 Or.3</subfield>
    <subfield code="p">A02681</subfield>
    <subfield code="r">2016-10-27</subfield>
    <subfield code="w">2016-10-27</subfield>
    <subfield code="y">VEM</subfield>
  </datafield>
  <datafield tag="952" ind1=" " ind2=" ">
    <subfield code="0">0</subfield>
    <subfield code="1">0</subfield>
    <subfield code="2">ddc</subfield>
    <subfield code="4">0</subfield>
    <subfield code="6">VEM_SIE_2015_000000000000000_B517_OR_4</subfield>
    <subfield code="7">0</subfield>
    <subfield code="9">54645</subfield>
    <subfield code="a">LBB</subfield>
    <subfield code="b">LBB</subfield>
    <subfield code="c">B517</subfield>
    <subfield code="d">2016-10-27</subfield>
    <subfield code="o">VEM SIE 2015 B517 Or.4</subfield>
    <subfield code="p">A01445</subfield>
    <subfield code="r">2016-10-27</subfield>
    <subfield code="w">2016-10-27</subfield>
    <subfield code="y">VEM</subfield>
  </datafield>
  <datafield tag="952" ind1=" " ind2=" ">
    <subfield code="0">0</subfield>
    <subfield code="1">0</subfield>
    <subfield code="2">ddc</subfield>
    <subfield code="4">0</subfield>
    <subfield code="6">VEM_SIE_2015_000000000000000_B517_OR_5</subfield>
    <subfield code="7">0</subfield>
    <subfield code="9">54646</subfield>
    <subfield code="a">LBB</subfield>
    <subfield code="b">LBB</subfield>
    <subfield code="c">B517</subfield>
    <subfield code="d">2016-10-27</subfield>
    <subfield code="o">VEM SIE 2015 B517 Or.5</subfield>
    <subfield code="p">A01645</subfield>
    <subfield code="r">2016-10-27</subfield>
    <subfield code="w">2016-10-27</subfield>
    <subfield code="y">VEM</subfield>
  </datafield>
  <datafield tag="952" ind1=" " ind2=" ">
    <subfield code="0">0</subfield>
    <subfield code="1">0</subfield>
    <subfield code="2">ddc</subfield>
    <subfield code="4">0</subfield>
    <subfield code="6">VEM_SIE_2015_000000000000000_B517_OR_6</subfield>
    <subfield code="7">0</subfield>
    <subfield code="9">54647</subfield>
    <subfield code="a">LBB</subfield>
    <subfield code="b">LBB</subfield>
    <subfield code="c">B517</subfield>
    <subfield code="d">2016-10-27</subfield>
    <subfield code="o">VEM SIE 2015 B517 Or.6</subfield>
    <subfield code="p">A01720</subfield>
    <subfield code="r">2016-10-27</subfield>
    <subfield code="w">2016-10-27</subfield>
    <subfield code="y">VEM</subfield>
  </datafield>
  <datafield tag="952" ind1=" " ind2=" ">
    <subfield code="0">0</subfield>
    <subfield code="1">0</subfield>
    <subfield code="2">ddc</subfield>
    <subfield code="4">0</subfield>
    <subfield code="6">VEM_SIE_2015_000000000000000_B517_OR_7</subfield>
    <subfield code="7">0</subfield>
    <subfield code="9">54648</subfield>
    <subfield code="a">LBB</subfield>
    <subfield code="b">LBB</subfield>
    <subfield code="c">B517</subfield>
    <subfield code="d">2016-10-27</subfield>
    <subfield code="o">VEM SIE 2015 B517 Or.7</subfield>
    <subfield code="p">A02367</subfield>
    <subfield code="r">2016-10-27</subfield>
    <subfield code="w">2016-10-27</subfield>
    <subfield code="y">VEM</subfield>
  </datafield>
  <datafield tag="952" ind1=" " ind2=" ">
    <subfield code="0">0</subfield>
    <subfield code="1">0</subfield>
    <subfield code="2">ddc</subfield>
    <subfield code="4">0</subfield>
    <subfield code="6">VEM_SIE_2015_000000000000000_B517_OR_8</subfield>
    <subfield code="7">0</subfield>
    <subfield code="9">54649</subfield>
    <subfield code="a">LBB</subfield>
    <subfield code="b">LBB</subfield>
    <subfield code="c">B517</subfield>
    <subfield code="d">2016-10-27</subfield>
    <subfield code="o">VEM SIE 2015 B517 Or.8</subfield>
    <subfield code="p">A02218</subfield>
    <subfield code="r">2016-10-27</subfield>
    <subfield code="w">2016-10-27</subfield>
    <subfield code="y">VEM</subfield>
  </datafield>
  <datafield tag="952" ind1=" " ind2=" ">
    <subfield code="0">0</subfield>
    <subfield code="1">0</subfield>
    <subfield code="4">0</subfield>
    <subfield code="6">VEM_SIE_2015_000000000000000_B676_OR_1</subfield>
    <subfield code="7">0</subfield>
    <subfield code="9">88057</subfield>
    <subfield code="a">LBB</subfield>
    <subfield code="b">LBB</subfield>
    <subfield code="c">B676</subfield>
    <subfield code="d">2021-12-14</subfield>
    <subfield code="o">VEM SIE 2015 B676 Or.1</subfield>
    <subfield code="p">a068345</subfield>
    <subfield code="r">2021-12-14</subfield>
    <subfield code="y">VEM</subfield>
  </datafield>
  <datafield tag="952" ind1=" " ind2=" ">
    <subfield code="0">0</subfield>
    <subfield code="1">0</subfield>
    <subfield code="4">0</subfield>
    <subfield code="6">VEM_SIE_2015_000000000000000_B676_OR_1</subfield>
    <subfield code="7">0</subfield>
    <subfield code="9">88058</subfield>
    <subfield code="a">LBB</subfield>
    <subfield code="b">LBB</subfield>
    <subfield code="c">B676</subfield>
    <subfield code="d">2021-12-14</subfield>
    <subfield code="o">VEM SIE 2015 B676 Or.1</subfield>
    <subfield code="p">a068285</subfield>
    <subfield code="r">2021-12-14</subfield>
    <subfield code="y">VEM</subfield>
  </datafield>
  <datafield tag="952" ind1=" " ind2=" ">
    <subfield code="0">0</subfield>
    <subfield code="1">0</subfield>
    <subfield code="4">0</subfield>
    <subfield code="6">VEM_SIE_2015_000000000000000_B676_OR_1</subfield>
    <subfield code="7">0</subfield>
    <subfield code="9">88059</subfield>
    <subfield code="a">LBB</subfield>
    <subfield code="b">LBB</subfield>
    <subfield code="c">B676</subfield>
    <subfield code="d">2021-12-14</subfield>
    <subfield code="o">VEM SIE 2015 B676 Or.1</subfield>
    <subfield code="p">a068225</subfield>
    <subfield code="r">2021-12-14</subfield>
    <subfield code="y">VEM</subfield>
  </datafield>
</record>
